[Taiwan shashin-cho]. (Record no. 121721)

MARC details
000 -LEADER
campo de control de longitud fija 00738nam a2200181 i 4500
001 - NÚMERO DE CONTROL
campo de control 121721
003 - IDENTIFICADOR DE NÚMERO DE CONTROL
campo de control ES-MaACL
005 - FECHA Y HORA DE LA ÚLTIMA TRANSACCIÓN
campo de control 20230906191817.0
007 - CAMPO FIJO DE DESCRIPCIÓN FÍSICA--INFORMACIÓN GENERAL
campo de control de longitud fija t|
008 - DATOS DE LONGITUD FIJA--INFORMACIÓN GENERAL
campo de control de longitud fija 070214s1908 ja r ||||1| jpn d
245 00 - MENCIÓN DEL TÍTULO
Título [Taiwan shashin-cho].
260 ## - PUBLICACIÓN, DISTRIBUCIÓN, ETC.
Lugar de publicación, distribución, etc. [Taipei] :
Nombre del editor, distribuidor, etc. Taiwan Sôtokufu Kanbô Bunshoka,
Fecha de publicación, distribución, etc. 1908, Meiji 41.
300 ## - DESCRIPCIÓN FÍSICA
Extensión 100 p., [101] h.. de lám. 3 h. pleg :
Otras características físicas il. ;
Dimensiones 26 cm.
500 ## - NOTA GENERAL
Nota general Texto en japonés, con algunos epígrafes traducidos al inglés.
500 ## - NOTA GENERAL
Nota general Traducción aproximada: Cuaderno/Libro de fotografías sobre Taiwan / Archivo de la Oficina Administrativa (Secretaría) del Gobernador General en Taiwan.
651 #4 - PUNTO DE ACCESO ADICIONAL DE MATERIA--NOMBRE GEOGRÁFICO
Nombre geográfico Taiwan-
Subdivisión general Descripción.
9 (RLIN) 154858
852 ## - LOCALIZACIÓN
Ubicación ES-MaACL
Número de control de estantería G-24
Nota libre .- Encuad. editorial
Holdings
Estatus retirado Estado de pérdida Estado de daño No para préstamo Biblioteca de origen Biblioteca actual Ubicación en estantería Fecha de adquisición Fuente de adquisición Total de préstamos Signatura topográfica completa Código de barras Visto por última vez Precio de reemplazo Tipo de ítem Koha
        Biblioteca del Ateneo de Madrid Biblioteca del Ateneo de Madrid Depósito 2 17/01/2008     G-24 1126846 23/02/2023 23/02/2023 Libro impreso